000 00578caa a22001572a 4500
001 020365
003 AR-FADEU
008 311216n########xxu####################dd
092 _a415
_bC574
100 _aFranks, Steven
245 _aThe slavic languages
300 _aPP. 373-419
500 _aEn: The Oxford handbook of comparative syntax / ed. Guglielmo Cinque. New York : Oxford University Press, 2005
942 _cBDGR
999 _c26089
_d26089
773 0 _026080
_925106
_aCinque, Guglielmo, ed.
_b
_dNew York
_o05365
_tThe Oxford handbook of comparative syntax
_w( AR-FADEU) 020356
_x
_z0-19-513650-0